00506nam a22001457a 45000050016000000100017000160200026000330370024000590820014000831000016000972450140001132600036002532700051002893000020003402012011800370.0 aB-445522-526 a9788125032328c750.00 adplbAllied Pub/Ven a394.50954 aTyagi, Jaya aEngendering the early household :bbrahmanical precepts in the early grhyasutras, middle of the first millenium B.C.E.cby Jaya Tyagi / aHyderabadbOrient Longmanc2008 a3-6-752 HimayatnagarbHyderabade500029 (A.P.) a377p.c22cm(Hb)